000 00614nam a2200217 4500
001 111597
003 ES-MaACL
005 20230906185329.0
007 t|
008 061121s1974 sp r ||||1| spa d
080 _a347.627.2(45)
100 1 _aNarbona, Francisco.
_984932
245 1 3 _aEl divorcio viaja a España /
_cFrancisco Narbona.
260 _aMadrid :
_bAQ,
_c1974.
300 _a286 p. 30 lám ;
_c21 cm.
490 1 _aSerie denuncia ;
_v2
650 4 _aDivorcio-
_zItalia.
_9147491
830 0 _aSerie denuncia ;
_v2
_9233078
852 _aES-MaACL
_jE-6644
_bR.91271
999 _c111597
_d111597